000 00829nam a2200193Ia 4500
001 11443
003 GE_BSU
008 181216s||||||||xx |||||||||||||| ||und||
040 _cGE_BSU
100 _aფალავანდიშვილი,შ.
245 _aაჭარის წითელმიწა ნიადაგები და მათი აგროსაწარმოო გამოყენება.
260 _aბათუმი.
260 _bსაბჭოთა აჭარა.
260 _c1987
300 _a119გვ;20სმ.
520 _aრეზიუმე რუსულ ენაზე.
653 _aაჭარის წითელმიწა ნიადაგები და მათი აგროსაწარმოო გამოყენება
942 _cBK
999 _c44640
_d44640